Carregant...
Lakshwadweep
| Autor principal: | |
|---|---|
| Format: | Printed Book |
| Idioma: | Malayalam |
| Publicat: |
Kamala Gopinath
Kamala Gopinath
79
|
| LEADER | 00431nam a2200133Ia 4500 | ||
|---|---|---|---|
| 008 | 111205s9999 xx 000 0 mal d | ||
| 082 | |a 853 VIV/P | ||
| 100 | |a Gopinad.K. | ||
| 245 | |a Lakshwadweep |c Gopinad.K. | ||
| 260 | |b Kamala Gopinath |a Kamala Gopinath |c 79 | ||
| 300 | |a 109 | ||
| 942 | |c BK | ||
| 999 | |c 210211 |d 210211 | ||
| 952 | |0 0 |1 0 |2 ddc |4 0 |6 S_10R3 |7 0 |9 232490 |a MAL |b MAL |c SEC |d 1980-03-21 |g 7.00 |l 0 |o S10R3 |p MAL16120 |r 2011-12-05 |v 7.00 |w 2011-12-05 |y BK | ||